Fremdenverkehrsstatistik Fürstentum Liechtenstein Jahresheft 1992

Gespeichert in:
Bibliographische Detailangaben
Format: Buch
Sprache:Deutsch
Veröffentlicht: Vaduz Amt für Volkswirtschaft 1993
Schlagworte:
Tags: Tag hinzufügen
Keine Tags, Fügen Sie das erste Tag hinzu!

MARC

LEADER 00000nam a2200000 4500
001 c002814
005 20251216141414.5
041 0 |a ger 
044 |a LI 
245 1 0 |a Fremdenverkehrsstatistik Fürstentum Liechtenstein  |b Jahresheft 1992 
264 1 |a Vaduz  |b Amt für Volkswirtschaft  |c 1993 
300 |a 66 s. 
610 2 0 |a Lichtenštajnsko 
610 2 0 |a ruch cestovný